| 000 | 00643nam a22002297a 4500 | ||
|---|---|---|---|
| 005 | 20221031100247.0 | ||
| 008 | 221031b ||||| |||| 00| 0 eng d | ||
| 040 | _cAL | ||
| 041 | _aEnglish | ||
| 082 |
_223 _a331.137954 _bBALT |
||
| 100 |
_aN Balchandani and others _960569 |
||
| 245 | _aTheory of Unemployment and future Careers | ||
| 260 |
_aBangalore _bMona Associates _c1998 |
||
| 300 |
_a135 p. _bPB _c25x19 cm. |
||
| 365 |
_c₹ _d₹180.00 |
||
| 650 |
_aunemployment _960570 |
||
| 650 |
_aTheory _960571 |
||
| 650 |
_aCareers _960572 |
||
| 700 |
_aBALCHANDANI (N) _960573 |
||
| 700 |
_aRAJAN (L Sundar) _960574 |
||
| 942 |
_2ddc _cGF |
||
| 999 |
_c224959 _d224959 |
||